| 000 | 00358nam a22001457a 4500 | ||
|---|---|---|---|
| 003 | macl | ||
| 005 | 20190122160532.0 | ||
| 008 | 190122b xxu||||| |||| 00| 0 eng d | ||
| 040 | _cmacl | ||
| 100 |
_aBagai, Shona _973676 |
||
| 245 | _aWATER Why it Matters | ||
| 260 |
_aNew Delhi _bTeri Prees _c2013 |
||
| 650 |
_aChildren Book _973677 |
||
| 942 |
_2ddc _cBK |
||
| 999 |
_c58909 _d58909 |
||